Niekoľko úvah o Slovenskom národnom povstaní

Bibliographic Details
Main Author: Šulaj, Jozef (Author)
Format: Article
Language:Slovak
Subjects:

MARC

LEADER 00000nab a2200000 a 4500
001 vtls000426248
003 SK-MaSNL
005 20260303001544.0
008 180409c1991 xo 0 slo
015 |a SNBRB19rr/mm-uuuuu 
035 |a CL0426376 
040 |a SNKBUCL  |b slo  |c SNKBUCL  |e AACR2 
041 0 |a slo 
044 |a xo  |c SK 
080 |a 943.76"19"  |2 1981 
080 |a 940.53  |2 1981 
080 |a 329.75  |2 1981 
100 1 |a Šulaj, Jozef  |4 aut  |9 300269 
245 1 0 |a Niekoľko úvah o Slovenskom národnom povstaní  |c Jozef Šulaj 
500 |a /Začiatok./ 
650 0 7 |a Slovenské národné povstanie (1944)  |2 snkbucl  |9 177948 
655 7 |a články z novín a časopisov  |2 snkbucl  |9 267496 
773 0 |t Slovenský denník  |g Roč. 2, č. 196 (22. 8. 1991), s. 1 a 3 
850 |a Slovenská národná knižnica v Martine  |a MTA001 
852 |a SNK  |b KIS3GCP 
958 |a RK 
992 |a RBX 
999 |c 1564113  |d 1566043